00756nam a2200253 a 4500001001300000003000900013005001700022008004100039020000800080082001500088100002400103245004800127260004000175300000900215500003500224505002000259650002900279650002400308700002400332902000800356942000700364952011400371999001700485nice12345678IN_TiNIC20260116015235.0050810s2003 hyda grp 000 0 eng  ac000a923.3bRAO aRao, P Purnachander aFestscriftb in Honour of M. Ramakrishnayya aHyderabadbP. Purnachaner Raoc2003 a182p aincludes index and biblioraphy2 aGlossary, Index aBiography-Ramakrishnayya aBiography-Economist1 aRao, P Purnachander bSRS cBK 001040708StackRoom-aHMIbHMId2005-08-10g0.00l0o923.3 RAOp11001655r2005-08-10v0.00w2005-08-10yBK c18879d18879